Central Library OPAC University of Rajshahi

زاد المسير في علم التفسير. /Zād al-masīr fī 'ilm al-tafsīr. al-juz' al-thānī (Record no. 77796)

MARC details
000 -LEADER
fixed length control field 01408nam a2200277 a 4500
001 - CONTROL NUMBER
control field 77796
003 - CONTROL NUMBER IDENTIFIER
rucl marc code BD-RjUL
005 - DATE AND TIME OF LATEST TRANSACTION
control field 20211209083028.0
008 - FIXED-LENGTH DATA ELEMENTS--GENERAL INFORMATION
fixed length control field 210117s2002 lh ||||| |||| 00| 0 ar d
020 ## - INTERNATIONAL STANDARD BOOK NUMBER
International Standard Book Number 2745131176
Terms of availability : Tk.1100
035 ## - SYSTEM CONTROL NUMBER
System control number (BD-RjUL)78022
040 ## - CATALOGING SOURCE
Original cataloging agency BD-RjUL
Language of cataloging eng
Transcribing agency BD-RjUL
Modifying agency BD-RjUL
041 ## - LANGUAGE CODE
Language code of text/sound track or separate title ara
082 ## - DEWEY DECIMAL CLASSIFICATION NUMBER
Edition number 23
Classification number 297.1226
Author mark and year TAF 2002
100 ## - MAIN ENTRY--PERSONAL NAME
Relator code ابن الجوزي، جمال الدين أبو الفرج عبد الرحمن بن علي بن محمد البغدادي، Ibn al-Jawzī, Jamāl al-Dīn Abū al-Faraj 'Abd al-Raḥmān ibn 'Alī ibn Muḥammad al-Baghdādī,
245 ## - TITLE STATEMENT
Title زاد المسير في علم التفسير. /Zād al-masīr fī 'ilm al-tafsīr. al-juz' al-thānī
Statement of responsibility, etc. Ibn al-Jawzī, Jamāl al-Dīn Abū al-Faraj 'Abd al-Raḥmān ibn 'Alī ibn Muḥammad al-Baghdādī,عبد الرحمن بن علي بن محمد الجوزي
250 ## - EDITION STATEMENT
Edition statement 2nd ed.
260 ## - PUBLICATION, DISTRIBUTION, ETC. (IMPRINT)
Place of publication, distribution, etc. Libanon :
Name of publisher, distributor, etc. Dar-al-Kotob-ilmiyah ,
Date of publication, distribution, etc. 2002
300 ## - PHYSICAL DESCRIPTION
Pagination 4 v. ;
Size 26 cm
500 ## - GENERAL NOTE
General note Includes Index
505 ## - FORMATTED CONTENTS NOTE
Formatted contents note Vol. 1-fatiha-mayeda.--v.2.Ashra- nur.--v-3.An'am-Tawba.--v.4.Soad-Hadid
650 ## - SUBJECT ADDED ENTRY--TOPICAL TERM
Topical term or geographic name as entry element Qurʼan
Form subdivision Criticism, interpretation, etc.
9 (RLIN) 243645
Topical term or geographic name as entry element قرآن - النقد والتفسير وما إلى ذلك
9 (RLIN) 243649
700 ## - ADDED ENTRY--PERSONAL NAME
Personal name Ibn al-Jawzī, Jamāl al-Dīn Abū al-Faraj 'Abd al-Raḥmān ibn 'Alī ibn Muḥammad al-Baghdādī,
942 ## - ADDED ENTRY ELEMENTS (KOHA)
Source of classification or shelving scheme Dewey Decimal Classification
Koha item type Books
Holdings
Lost status Source of classification or shelving scheme Damaged status Not for loan Collection code Permanent Location Current Location Shelving location Date acquired Source of acquisition Cost, normal purchase price Total Checkouts Full call number Date last seen Copy number Koha item type
  Dewey Decimal Classification   Not For Loan Non-fiction Central Library, University of Rajshahi Central Library, University of Rajshahi Reading Room 23/08/2008 Maktabatul arabia 1100.00   A 297.1226 TAFV-1 2002 17/01/2021 C-1 Books
  Dewey Decimal Classification   Not For Loan Non-fiction Central Library, University of Rajshahi Central Library, University of Rajshahi Reading Room 23/08/2008 Maktabatul arabia 1100.00   A 297.1226 TAF V-2 2002 17/01/2021 C-1 Books
  Dewey Decimal Classification   Not For Loan Non-fiction Central Library, University of Rajshahi Central Library, University of Rajshahi Reading Room 23/08/2008 Maktabatul arabia 1100.00   A 297.1226 TAF V-3 2002 17/01/2021 C-1 Books
  Dewey Decimal Classification   Not For Loan Non-fiction Central Library, University of Rajshahi Central Library, University of Rajshahi Reading Room 23/08/2008 Maktabatul arabia 1100.00   A 297.1226 V-4 TAF 2002 17/01/2021 C-1 Books